Daňová kontrola v podmienkach SR diplomová práca

Uložené v:
Podrobná bibliografia
Hlavný autor: Schwartzová, Miriama
Korporativný autor: Národohospodárska fakulta EU. Katedra financií
Ďalší autori: Rabatinová, Marcela, 1977-
Médium: Kniha
Jazyk:Slovak
Vydavateľské údaje: Bratislava 2018
Tagy: Pridať tag
Žiadne tagy, Buďte prvý, kto otaguje tento záznam!

MARC

LEADER 00000nbm a2200000 4500
001 0244322
005 20181126144321.7
041 0 |a slo 
044 |a SK 
245 1 0 |a Daňová kontrola v podmienkach SR  |b diplomová práca  |c Miriama Schwartzová ; školiteľ: Marcela Rabatinová 
264 1 |a Bratislava  |c 2018 
300 |a 70 s. 
100 1 |a Schwartzová, Miriama 
700 1 |a Rabatinová, Marcela, 1977- 
710 2 |a Národohospodárska fakulta EU. Katedra financií